Online
Catalog
Normal view MARC view

Entry Nombre geográfico

Number of records used in: 14

001 - NÚMERO DE CONTROL

  • campo de control: 2321

003 - IDENTIFICADOR DEL NÚMERO DE CONTROL

  • campo de control: OSt

005 - FECHA Y HORA DE LA ÚLTIMA TRANSACCIÓN

  • campo de control: 20200615032012.0

008 - DATOS DE LONGITUD FIJA

  • campo de control de longitud fija: 200615|| aca||aabn | a|a d

040 ## - FUENTE DE LA CATALOGACIÓN

  • Centro catalogador/agencia de origen: OSt
  • Centro/agencia transcriptor: OSt

151 ## - ENCABEZAMIENTO--NOMBRE GEOGRÁFICO

  • Nombre geográfico: REPÚBLICA DOMINICANA
  • Subdivisión general: POBLACIÓN
  • Subdivisión general: ESTADÍSTICAS

670 ## - FUENTE DE DATOS ENCONTRADOS

  • Cita de la fuente: Work cat.: (OSt)681: República Dominicana. Secretariado Técnico de la Presidencia Oficina Nacional de Estadísticas 2319, Censo nacional de población y vivienda 24 y 25 de septiembre 1993., 1996.

Powered by Koha